| 000 | 01405nac a22003611i 4500 | ||
|---|---|---|---|
| 003 | EG-ScBUE | ||
| 005 | 20241110100609.0 | ||
| 006 | m||||fq||h 00| 0 | ||
| 008 | 241110t2004 maua f 001 0 eng d | ||
| 020 | _a0125980574 (text) | ||
| 020 | _a0125980590 (CD-ROM) | ||
| 040 |
_aEG-ScBUE _beng _erda _cEG-ScBUE _dEG-ScBUE |
||
| 082 | 0 | 4 |
_a519.2 _bROS _222 |
| 100 | 1 |
_aRoss, Sheldon M., _eauthor. |
|
| 245 | 1 | 0 |
_aIntroduction to probability and statistics for engineers and scientists / _cSheldon M. Ross, Department of Industrial Engineering and Operations Research, University of California, Berkeley. |
| 250 | _aThird edition. | ||
| 264 | 1 |
_aBurlington, MA : _bElsevier Academic Press, _c[2004] |
|
| 264 | 4 | _cc2004 | |
| 300 |
_axv, 624 pages : _billustrations ; _c24 cm + _e1 CD |
||
| 336 |
_2rdacontent _atext _btxt |
||
| 336 |
_2rdacontent _asounds _bsnd |
||
| 337 |
_aunmediated _2rdamedia _bn |
||
| 337 |
_aaudio _2rdamedia _bs |
||
| 338 |
_avolume _bnc _2rdacarrier |
||
| 338 |
_acomputer disc _bcd _2rdacarrier |
||
| 500 | _aIncludes index. | ||
| 650 | 7 |
_aProbabilities. _2BUEsh |
|
| 650 | 7 |
_aMathematical statistics. _2BUEsh |
|
| 655 | _vReading book | ||
| 856 | 4 | 2 |
_3Publisher description _uhttp://www.loc.gov/catdir/enhancements/fy0620/2004276397-d.html |
| 856 | 4 | 2 |
_3Table of contents only _uhttp://www.loc.gov/catdir/enhancements/fy0620/2004276397-t.html |
| 942 |
_cBB _2ddc |
||
| 999 |
_c4860 _d4860 |
||